000 00420nam a2200181Ia 4500
001 15687
005 20260306170214.0
008 260306t2012||||xx |||||||||||||| ||und||
041 _aESP
082 _a576.5
_bK81
100 _aKrebs, Jocelyn E.
_eAUT
245 0 _aLewin genes:
_bfundamentos
260 _c2012
300 _a809 páginas :
_c28 cm.
650 _aGEN
654 _aCCN
942 _cLIB
_dJUS
_fJUS
_2ddc
_n
999 _c15687
_d15687